000 00459nam a2200145Ia 4500
008 151213s9999 xx 000 0 und d
100 _aকে. আলী।
245 _aভারতীয় উপ: ইতিহাস।
_cকে. আলী।
260 _aঢাকা
_bআলী পাবলিকেশন্স।
_c1979
300 _a8635 p.
650 _aBangla
650 _aইতিহাস।
700 _aকে. আলী।
999 _c4422
_d4422